| 000 | 00604nam a2200205 u 4500 | ||
|---|---|---|---|
| 005 | 20240228064315.0 | ||
| 008 | 171012s2007 ea r 000 0 spa d | ||
| 020 | _a1404272305 | ||
| 035 | _aUPN01000220915 | ||
| 049 | _aI | ||
| 050 | 4 |
_aPZ7 _bJ3.7 |
|
| 100 | 1 |
_aJames, Lincoln _942025 |
|
| 245 | 1 | 0 |
_aTara va a la feria / _cJames Lincoln ; tr. María Cristina Brusca. |
| 260 |
_aNew York : _bRosen Classroom Books & Materials, _cc2007. |
||
| 300 |
_a16 p. : _bil. col. |
||
| 440 | 0 | _aLecturas del barrio | |
| 650 | 4 |
_aLibros y lectura para niños _92290 |
|
| 905 | _aInfantil | ||
| 999 |
_c193014 _d193014 |
||